000
00326nam a2200133Ia 4500
005
20251222144814.0
008
251222s9999||||xx |||||||||||||| ||spa||
020
_a
978-3-8365-2094-2
082
_a
745.2/R36
100
_a
Reis, Dalcacio
245
0
_a
Product Design in The Sustainable Era
264
_b
Taschen
942
_c
LIB
999
_c
20211
_d
20211